000 00966nam a2200301 i 4500
003 EG-GICUC
005 20260121101214.0
008 251112s1925 -ukad||fr|||| 00| 0 eng d
040 _aEG-GiCUC
_beng
_cEG-GiCUC
_dEG-GiCUC
_erda
041 _aeng
082 0 4 _221
_a330.03
_bPA
092 0 4 _221
099 _aLaw1 13 330.03 PA 1925
100 1 _aHiggs, Henry
_eAuthor.
245 1 _aPalgrave’s Dictionary of Political Economy.
_nVol II,
_pF - M /
_cEdited By Henry Higgs.
264 _aLondon :
_bMacmillan and Co., Ltd,
_c1925.
300 _a966 pages :
_billustrations ;
_c24 cm.
336 _2rda content
_atext
337 _2rda media
_aComputer
338 _2rda carrier
_aOnline Resource
504 _aBibliography: pages 200-250.
546 _aText in English
650 1 _aPublic finance and tax legislation
_2qrmak
651 1 _2qrmak
856 4 0 _uhttps://fll.law.cu.edu.eg/fulltext/bks/B13-07202.pdf
905 _a49
942 _2ddc
_cBK
_e21
_n0
999 _c42830
_d42830